| 000 | 003500000a22001450004500 | ||
|---|---|---|---|
| 003 | MACL | ||
| 040 | _aMACL | ||
| 090 |
_c2447 _d2447 |
||
| 100 | _aHardy, Rdienhelm | ||
| 245 |
_aThe Religious Culture Of India _bPower, Love , And Wisdom |
||
| 260 |
_aNew Delhi _bFoundation Books Pvt, _c1995 |
||
| 350 | _a695 | ||
| 650 | _aReligion | ||
| 942 |
_cBOOK _k294 |
||
| 999 |
_c2429 _d2429 |
||